<?xml version="1.0" encoding="UTF-8"?>
<record
    xmlns:xsi="http://www.w3.org/2001/XMLSchema-instance"
    xsi:schemaLocation="http://www.loc.gov/MARC21/slim http://www.loc.gov/standards/marcxml/schema/MARC21slim.xsd"
    xmlns="http://www.loc.gov/MARC21/slim">

  <leader>01171nam a2200277   4500</leader>
  <controlfield tag="003">OSt</controlfield>
  <controlfield tag="005">20260530113910.0</controlfield>
  <controlfield tag="008">260420b2007    sp a|||| |||| 00| 0 spa d</controlfield>
  <datafield tag="020" ind1=" " ind2=" ">
    <subfield code="a">9788483223215</subfield>
  </datafield>
  <datafield tag="040" ind1=" " ind2=" ">
    <subfield code="a">ICI</subfield>
    <subfield code="b">spa</subfield>
    <subfield code="c">ICI</subfield>
  </datafield>
  <datafield tag="050" ind1="4" ind2=" ">
    <subfield code="a">HD69.P75</subfield>
    <subfield code="b">N6518</subfield>
  </datafield>
  <datafield tag="100" ind1="1" ind2=" ">
    <subfield code="a">Nokes, Sebastian, </subfield>
    <subfield code="e">autor</subfield>
    <subfield code="9">33264</subfield>
  </datafield>
  <datafield tag="240" ind1="1" ind2="4">
    <subfield code="a">The definitive guide to project management</subfield>
    <subfield code="l">Espa&#xF1;ol</subfield>
  </datafield>
  <datafield tag="245" ind1="1" ind2="0">
    <subfield code="a">La gu&#xED;a definitiva de la gesti&#xF3;n de proyectos : |b la v&#xED;a r&#xE1;pida de todo ejecutivo para cumplir a tiempo y dentro del presupuesto / </subfield>
    <subfield code="c">Nokes y Greenwood ; traducci&#xF3;n, Yago Moreno L&#xF3;pez</subfield>
  </datafield>
  <datafield tag="264" ind1=" " ind2=" ">
    <subfield code="a">Madrid ; |a M&#xE9;xico : </subfield>
    <subfield code="b">Financial Times/Prentice Hall,</subfield>
    <subfield code="c">2007</subfield>
  </datafield>
  <datafield tag="300" ind1=" " ind2=" ">
    <subfield code="a">xv, 242 p&#xE1;ginas:</subfield>
    <subfield code="b"> ilustraciones</subfield>
  </datafield>
  <datafield tag="336" ind1=" " ind2=" ">
    <subfield code="2">rdacontent</subfield>
    <subfield code="a">texto</subfield>
  </datafield>
  <datafield tag="337" ind1=" " ind2=" ">
    <subfield code="2">rdamedia</subfield>
    <subfield code="a">sin medio</subfield>
  </datafield>
  <datafield tag="338" ind1=" " ind2=" ">
    <subfield code="2">rdacarrier</subfield>
    <subfield code="a">volumen</subfield>
  </datafield>
  <datafield tag="500" ind1=" " ind2=" ">
    <subfield code="a">Traducci&#xF3;n de: The definitive guide to project management : the fast track to getting the job done on time and on budget</subfield>
  </datafield>
  <datafield tag="650" ind1="4" ind2=" ">
    <subfield code="a">Administraci&#xF3;n de proyectos</subfield>
    <subfield code="v">Manuales</subfield>
    <subfield code="9">33265</subfield>
  </datafield>
  <datafield tag="700" ind1="1" ind2=" ">
    <subfield code="a">Nokes, Sebastian</subfield>
    <subfield code="9">33264</subfield>
  </datafield>
  <datafield tag="700" ind1="1" ind2=" ">
    <subfield code="a">Greenwood, Alan,</subfield>
    <subfield code="e">autor</subfield>
    <subfield code="9">33266</subfield>
  </datafield>
  <datafield tag="700" ind1="1" ind2=" ">
    <subfield code="a">Moreno L&#xF3;pez, Yago,</subfield>
    <subfield code="e">traductor</subfield>
    <subfield code="9">33267</subfield>
  </datafield>
  <datafield tag="942" ind1=" " ind2=" ">
    <subfield code="2">lcc</subfield>
    <subfield code="n">0</subfield>
    <subfield code="c">BK</subfield>
  </datafield>
  <datafield tag="999" ind1=" " ind2=" ">
    <subfield code="c">12096</subfield>
    <subfield code="d">12096</subfield>
  </datafield>
</record>
